Normal view
MARC view
Entry Personal Name
001 - CONTROL NUMBER
- control field: 873034
003 - CONTROL NUMBER IDENTIFIER
- control field: OSt
005 - DATE AND TIME OF LATEST TRANSACTION
- control field: 20260114185658.0
008 - FIXED-LENGTH DATA ELEMENTS
- fixed length control field: 260114|| aca||aabn | a|a d
040 ## - CATALOGING SOURCE
- Original cataloging agency: OSt
- Transcribing agency: OSt
100 ## - HEADING--PERSONAL NAME
- Personal name: Emanuel Buttigieg
670 ## - SOURCE DATA FOUND
- Source citation: Work cat.: (OSt)1471982: Emanuel Buttigieg, Nobility, Faith and Masculinity The Hospitaller Knights of Malta, c.1580-c.1700, 2011
